Every Pokémon Champion (Main Series) - Statistics

General Stats
  • This quiz has been taken 27 times
  • The average score is 16 of 20
Answer Stats
Hint Answer % Correct
Gen I Blue
95%
Gen III Blue
95%
Gen IV Cynthia
95%
Gen VI Diantha
95%
Gen V Iris
95%
Gen II Red
95%
Gen IV Red
95%
Gen II Lance
89%
Gen IV Lance
89%
Gen VIII Leon
89%
Gen III Steven
89%
Gen VI Steven
89%
Gen V Alder
84%
Gen IX Geeta
84%
Gen III Wallace
79%
Gen IX Nemona
68%
Gen VIII Mustard
63%
Gen IX Kieran
47%
Gen VIII Peony
47%
Gen VII Trace
26%
No matching quizzes found
Score Distribution
Percent of People with Each Score
Percentile by Number Answered
Your Score History
You have not taken this quiz